000 00533nam a2200193 a 4500
001 1770453312801
003 YourLibrary
005 20260207140844.0
008 260207s1996##################000#0#eng##
020 _a9781858984865
082 0 4 _a333.7SWA
100 1 _aSwanson, Timothy M.,
_eauthor.
245 1 0 _aThe Economics of Environmental Degradation :
260 _bEdward Elgar Publishing,
_c1996.
300 _a216 pages
650 0 _aBusiness & Economics.
942 _cENGLISH
040 _aYourLibrary
_beng
_cYourLibrary
999 _c611040
_d611040